TEXTBOOK OF APPLIED PHYSICS (Record no. 26883)
[ view plain ]
| 000 -LEADER | |
|---|---|
| fixed length control field | 00455cam a2200157ua 4500 |
| 001 - CONTROL NUMBER | |
| control field | 23635 |
| 008 - FIXED-LENGTH DATA ELEMENTS--GENERAL INFORMATION | |
| fixed length control field | 180614n2012 II |||gr||||Z||||||eng |
| 082 ## - DEWEY DECIMAL CLASSIFICATION NUMBER | |
| Classification number | 530 |
| 100 1# - MAIN ENTRY--PERSONAL NAME | |
| Personal name | TYAGI, PIYOSH KR., |
| Relator term | AUTHOR. |
| 245 1# - TITLE STATEMENT | |
| Title | TEXTBOOK OF APPLIED PHYSICS |
| Medium | Textual Documents |
| 260 ## - PUBLICATION, DISTRIBUTION, ETC. | |
| Place of publication, distribution, etc. | JAIPUR |
| Name of publisher, distributor, etc. | RBSA PUBLICATIONS |
| Date of publication, distribution, etc. | 2012 |
| 300 ## - PHYSICAL DESCRIPTION | |
| Extent | 296: |
| Dimensions | 21+ |
| Accompanying material | HB. |
| 653 ## - INDEX TERM--UNCONTROLLED | |
| Uncontrolled term | Physics |
| 700 1# - ADDED ENTRY--PERSONAL NAME | |
| Personal name | RAMAN, AMIT,1 |
| Relator term | AUTHOR. |
| Withdrawn status | Lost status | Source of classification or shelving scheme | Damaged status | Not for loan | Collection code | Home library | Current library | Shelving location | Date acquired | Full call number | Barcode | Date last seen | Price effective from | Koha item type | Public note |
|---|---|---|---|---|---|---|---|---|---|---|---|---|---|---|---|
| Dewey Decimal Classification | TBPHY | Central Library and Information Centre Sibsagar Girls College | Central Library and Information Centre Sibsagar Girls College | PHYSICS BOOK RACK | 28.08.2017 | 530 | 37828 | 24.04.2023 | 24.04.2023 | Books | V |